The Khushalgarh bridge. (Record no. 553131)
[ view plain ]
| 000 -LEADER | |
|---|---|
| fixed length control field | 00591cam a22001691 4500 |
| 082 ## - DEWEY DECIMAL CLASSIFICATION NUMBER | |
| Classification number | 358.20941 |
| Author Mark | COW |
| 100 1# - MAIN ENTRY--PERSONAL NAME | |
| Personal name | Cowie, Henry Edward Colvin, |
| 9 (RLIN) | 50402 |
| 245 04 - TITLE STATEMENT | |
| Title | The Khushalgarh bridge. |
| Statement of responsibility, etc. | By Capt. H.E.C. Cowie ... |
| 260 ## - PUBLICATION, DISTRIBUTION, ETC. | |
| Place of publication, distribution, etc. | Chatham, |
| Name of publisher, distributor, etc. | Royal Engineers Institute, |
| Date of publication, distribution, etc. | 1909. |
| 300 ## - PHYSICAL DESCRIPTION | |
| Extent | 1 p. l., 15 p. |
| Other physical details | illus., 17 fold. pl. |
| Dimensions | 25 cm. |
| 490 0# - SERIES STATEMENT | |
| Series statement | Professional papers of the Corps of Royal Engineers. (Fourth series) |
| 500 ## - GENERAL NOTE | |
| General note | Cover-title. |
| 526 ## - STUDY PROGRAM INFORMATION NOTE | |
| Program name | 0 |
| Interest level | 0 |
| Reading level | 0 |
| Title point value | 358_209410000000000_COW |
| 650 #0 - SUBJECT ADDED ENTRY--TOPICAL TERM | |
| Topical term or geographic name entry element | Bridges |
| Geographic subdivision | India |
| -- | Khushalgarh. |
| 9 (RLIN) | 50403 |
| 650 #0 - SUBJECT ADDED ENTRY--TOPICAL TERM | |
| Topical term or geographic name entry element | MCE |
| 9 (RLIN) | 379 |
| 942 ## - ADDED ENTRY ELEMENTS (KOHA) | |
| Source of classification or shelving scheme | |
| Koha item type | Book |
| Withdrawn status | Lost status | Source of classification or shelving scheme | Damaged status | Not for loan | Permanent Location | Current Location | Shelving location | Date acquired | Total Checkouts | Full call number | Barcode | Date last seen | Price effective from | Koha item type |
|---|---|---|---|---|---|---|---|---|---|---|---|---|---|---|
| Military College of Engineering (MCE) | Military College of Engineering (MCE) | 01/29/2015 | 358.20941 COW | MCE-ECK.3 | 01/29/2015 | 01/29/2015 | Book |
